ბათუმის შოთა რუსთაველის სახელმწიფო უნივერსიტეტის ბიბლიოთეკა

დღეების ექო (ბიბ.ჩანაწერი № 41905)

000 -LEADER
fixed length control field 00825nam a2200229Ia 4500
001 - CONTROL NUMBER
control field 8589
003 - CONTROL NUMBER IDENTIFIER
control field GE_BSU
008 - FIXED-LENGTH DATA ELEMENTS--GENERAL INFORMATION
fixed length control field 181216s||||||||xx |||||||||||||| ||und||
040 ## - CATALOGING SOURCE
Transcribing agency GE_BSU
080 ## - UNIVERSAL DECIMAL CLASSIFICATION NUMBER
Universal Decimal Classification number 821.353.1-4
100 ## - MAIN ENTRY--PERSONAL NAME
Personal name თორდუა, ვლადიმერ
245 ## - TITLE STATEMENT
Title დღეების ექო
245 ## - TITLE STATEMENT
Remainder of title ნარკვევები, პუბლიცისტიკა
245 ## - TITLE STATEMENT
Statement of responsibility, etc. რედ.: კ.ლოლაძე; მხატვ.: ი.კალაძე.
260 ## - PUBLICATION, DISTRIBUTION, ETC.
Place of publication, distribution, etc. თბილისი.
260 ## - PUBLICATION, DISTRIBUTION, ETC.
Name of publisher, distributor, etc. საქართველოს კპ ცკ–ს გამ–ბა.
260 ## - PUBLICATION, DISTRIBUTION, ETC.
Date of publication, distribution, etc. 1963
300 ## - PHYSICAL DESCRIPTION
Extent 170 გვ; 19 სმ.
653 ## - INDEX TERM--UNCONTROLLED
Uncontrolled term დღეების ექო
653 ## - INDEX TERM--UNCONTROLLED
Uncontrolled term ნარკვევები, პუბლიცისტიკა
942 ## - ADDED ENTRY ELEMENTS (KOHA)
Koha item type წიგნი
ეგზემპლარები
Withdrawn status Lost status Damaged status Not for loan Date acquired Barcode Date last seen Price effective from Koha item type
        2018-12-17 31020 2018-12-17 2018-12-17 წიგნი